Merchant banking and financial services (Record no. 92258)

MARC details
000 -LEADER
fixed length control field 00500nam a2200181Ia 4500
005 - DATE AND TIME OF LATEST TRANSACTION
control field 20230323105956.0
008 - FIXED-LENGTH DATA ELEMENTS--GENERAL INFORMATION
fixed length control field 230125s9999 xx 000 0 und d
041 ## - LANGUAGE CODE
Language code of text/sound track or separate title eng
082 ## - DEWEY DECIMAL CLASSIFICATION NUMBER
Classification number 658.15
Item number GUR
100 ## - MAIN ENTRY--PERSONAL NAME
Author Gurusamy S
245 ## - TITLE STATEMENT
Title Merchant banking and financial services
260 ## - PUBLICATION, DISTRIBUTION, ETC.
Date of publication, distribution, etc. 2005
Name of publisher, distributor, etc. Thomson publication
Place of publication, distribution, etc. New Delhi
300 ## - PHYSICAL DESCRIPTION
Extent 462p
500 ## - GENERAL NOTE
Keywords Financial services;Merchant banking
650 ## - SUBJECT ADDED ENTRY--TOPICAL TERM
Topical term or geographic name entry element Financial services;Merchant banking
700 ## - ADDED ENTRY--PERSONAL NAME
Personal name Gurusamy S
942 ## - ADDED ENTRY ELEMENTS (KOHA)
Koha item type Donated Book
Holdings
Withdrawn status Lost status Damaged status Not for loan Home library Current library Date acquired Vendor Net Price Full call number Barcode Date last seen Actual Price Bill Date Koha item type Original Barcode
        Smt. Hiraben Nanavati Institute of Management & Research for Women Smt. Hiraben Nanavati Institute of Management & Research for Women 02/12/2015 HNIMR Staff 250.00 658.15 GUR DB2276 HIMR-DB-2276 25/01/2023 250.00 25/01/2023 Donated Book DB2276